<?xml version="1.0" encoding="UTF-8"?>
<record
    xmlns:xsi="http://www.w3.org/2001/XMLSchema-instance"
    xsi:schemaLocation="http://www.loc.gov/MARC21/slim http://www.loc.gov/standards/marcxml/schema/MARC21slim.xsd"
    xmlns="http://www.loc.gov/MARC21/slim">

  <leader>00655nab a2200193 uc4500</leader>
  <controlfield tag="001">121150</controlfield>
  <controlfield tag="005">20241204092256.0</controlfield>
  <controlfield tag="008">970312e19960801                    spa  </controlfield>
  <datafield tag="035" ind1=" " ind2=" ">
    <subfield code="a">121150</subfield>
  </datafield>
  <datafield tag="035" ind1=" " ind2=" ">
    <subfield code="a">(OCoLC)819750498</subfield>
  </datafield>
  <datafield tag="040" ind1=" " ind2=" ">
    <subfield code="c">comduadb</subfield>
  </datafield>
  <datafield tag="041" ind1=" " ind2=" ">
    <subfield code="a">spa</subfield>
  </datafield>
  <datafield tag="100" ind1="1" ind2="0">
    <subfield code="a">Virchenko, N.</subfield>
    <subfield code="4">aut</subfield>
    <subfield code="e">aut</subfield>
    <subfield code="9">318194</subfield>
  </datafield>
  <datafield tag="245" ind1="1" ind2="0">
    <subfield code="a">Algunos operadores integrales de tipo Buschman-Erdelyi</subfield>
  </datafield>
  <datafield tag="650" ind1=" " ind2=" ">
    <subfield code="a">Operadores integrales</subfield>
    <subfield code="9">15616</subfield>
  </datafield>
  <datafield tag="650" ind1=" " ind2="7">
    <subfield code="a">Funciones de Legendre</subfield>
    <subfield code="2">lemb</subfield>
    <subfield code="9">12108</subfield>
  </datafield>
  <datafield tag="773" ind1="0" ind2=" ">
    <subfield code="t">Revista T&#xE9;cnica de la Facultad de Ingenier&#xED;a Universidad del Zulia (Maracaibo)</subfield>
    <subfield code="g">Vol. 19, No. 02, Ago. 1996, p. 85-90</subfield>
    <subfield code="w">100816</subfield>
    <subfield code="x">0254-0770</subfield>
    <subfield code="0">89895</subfield>
  </datafield>
  <datafield tag="942" ind1=" " ind2=" ">
    <subfield code="c">ARIMP</subfield>
  </datafield>
  <datafield tag="999" ind1=" " ind2=" ">
    <subfield code="c">71670</subfield>
    <subfield code="d">71670</subfield>
  </datafield>
</record>
